| 000 | 00399nam a2200157Ia 4500 | ||
|---|---|---|---|
| 008 | 151213s9999 xx 000 0 und d | ||
| 100 | _aJohn Eastwood | ||
| 245 |
_aOxford Practice Crammer _cJohn Eastwood |
||
| 250 | _a2nd | ||
| 260 |
_aNew Delhi _bOxford University Press _c1999 |
||
| 300 | _a4840 p. | ||
| 650 | _aEnglish | ||
| 650 | _aEnglish Crammer | ||
| 700 | _aJohn Eastwood | ||
| 999 |
_c3044 _d3044 |
||